| 000 | 01540cam a22004334i 4500 | ||
|---|---|---|---|
| 003 | PE-LiUPU | ||
| 005 | 20250731172822.0 | ||
| 008 | 150617s1983 ag r 000 0 spa d | ||
| 020 | _a950040253X | ||
| 035 | _a(Sirsi) i9789500402538 | ||
| 040 |
_aPE-LiUPU _bspa _cPE-LiUPU _erda |
||
| 049 | _aPRUA | ||
| 082 | 0 | 4 |
_a294.3 _bI26b _223 |
| 100 | 1 |
_aIkeda, Daisaku, _eautor. |
|
| 245 | 1 | 0 |
_aBudismo, El primer milenio / _cDaisaku Ikeda. |
| 264 | 1 |
_aBuenos Aires : _bEmecé Editores, _c1983. |
|
| 300 |
_a204 páginas ; _c20 centímetros. |
||
| 336 |
_atext _2rdacontent |
||
| 337 |
_aunmediated _2rdamedia |
||
| 338 |
_avolume _2rdacarrier |
||
| 505 | 0 | _aLa formación del canon Budista -- El theravada y el mahasanghika -- El rey ashoka -- Las preguntas del rey Milanda -- Intercambios culturales entre Oriente y Occidente -- El nacimiento del Budismo Mahayana -- Vimalakirti y el ideal del creyente laico -- La formación del sutra del loto -- El espíritu del sutra del loto -- Nagarjuna y vasabandhu. | |
| 526 | _aSEG42 | ||
| 526 | _aSEG41 | ||
| 526 | _aSEG40 | ||
| 526 | _aSEG39 | ||
| 526 | _aP94 | ||
| 526 | _aP87 | ||
| 526 | _aP86 | ||
| 526 | _aP85 | ||
| 526 | _aP77 | ||
| 526 | _aP76 | ||
| 526 | _aP35 | ||
| 650 | 1 | 4 | _aBudismo. |
| 910 | _ajck | ||
| 942 |
_2ddc _cBK _n0 |
||
| 949 |
_a294.3 I26b _wDEWEY _c1 _i23558 _lCCODEBUL1 _mBUL _r0 _sY _tBOOK _u2015-6-17 _xTEOLOGIA _0COMPRA _o.STAFF. Colección Teología |
||
| 980 |
_81 _gALBERTO SANCHEZ Responsable de Automatización |
||
| 999 |
_c4468 _d4468 |
||